| 000 | 01219nam a2200385 4500 | ||
|---|---|---|---|
| 001 | ELB60575 | ||
| 003 | FlNmELB | ||
| 006 | m o d | | ||
| 007 | cr cn||||||||| | ||
| 008 | 201108r2003 sp |||||s|||||||||||spa d | ||
| 020 | _z8497054814 | ||
| 035 | _a(MiAaPQ)EBC3157222 | ||
| 035 | _a(Au-PeEL)EBL3157222 | ||
| 035 | _a(CaPaEBR)ebr10047649 | ||
| 035 | _a(OCoLC)1105865567 | ||
| 040 |
_aFlNmELB _bspa _cFlNmELB |
||
| 050 | 4 |
_aN7445 _bF372 2003 |
|
| 080 | _a7.011 | ||
| 082 | 0 | 4 |
_a700 _222 |
| 100 | 1 | _aFerrando, Bartolomé. | |
| 245 | 1 | 3 |
_aEl arte intermedia _h[recurso electronico] : _bconvergencias y puntos de cruce / _cBartolomé Ferrando. |
| 260 |
_aValencia : _bUniversidad Politécnica de Valencia, _c2003. |
||
| 300 | _a5-82 p. | ||
| 533 | _aRecurso electrónico. Santa Fe, Arg.: e-libro, 2015. Disponible vía World Wide Web. El acceso puede estar limitado para las bibliotecas afiliadas a e-libro. | ||
| 650 | 0 | _aArte. | |
| 650 | 0 | _aPintura. | |
| 650 | 0 | _aEscritura. | |
| 650 | 0 | _aMúsica. | |
| 650 | 0 | _aArt. | |
| 650 | 0 | _aPainting. | |
| 650 | 0 | _aMusic. | |
| 655 | 4 | _aLibros electrónicos. | |
| 710 | 2 | _ae-libro, Corp. | |
| 856 | 4 | 0 | _uhttps://elibro.net/ereader/usam/60575 |
| 999 |
_c153767 _d153767 |
||